Statistics for Soccer Players by Country #4

Click here to take the quiz!

General Stats

  • This quiz has been taken 1,713 times
  • The average score is 12 of 15

Answer Stats

Player Country % Correct
David LuízBrazil
98%
Kevin De BruyneBelgium
95%
Arturo VidalChile
91%
Sami KhediraGermany
91%
Yohan CabayeFrance
89%
Gylfi Sigur∂sonIceland
83%
Burak YilmazTurkey
82%
Dimitar BerbatovBulgaria
82%
Marek HamsíkSlovakia
79%
Stephan LichtsteinerSwitzerland
79%
Henrikh MkhitaryanArmenia
77%
Eric AbidalFrance
77%
Martín CáceresUruguay
75%
Daniel AggerDenmark
74%
Emmanuel AdebayorTogo
70%

Score Distribution

Percentile by Number Answered

Percent of People with Each Score

Your Score History

You have not taken this quiz